Новейшие конструкции фильтров: доклад на Международной выставке "Химия в промышленности, строительстве и сельском хозяйстве", Москва, 11-26 сентября 1965 г.

Detaylı Bibliyografya
Yazar: Ветцель Б.
Dil:Rusça
Baskı/Yayın Bilgisi: Москва, 1965
Konular:
Materyal Türü: Kitap
KOHA link:https://koha.lib.tpu.ru/cgi-bin/koha/opac-detail.pl?biblionumber=103047

MARC

LEADER 00000nam0a2200000 4500
001 103047
005 20231031113228.0
035 |a (RuTPU)RU\TPU\book\111104 
090 |a 103047 
100 |a 20061011d1965 km y0rusy50 ca 
101 0 |a rus 
102 |a RU 
105 |a y z 000zy 
200 1 |a Новейшие конструкции фильтров  |e доклад на Международной выставке "Химия в промышленности, строительстве и сельском хозяйстве", Москва, 11-26 сентября 1965 г.  |f Б. Ветцель 
210 |a Москва  |d 1965 
215 |a 18 с. 
610 1 |a фильтры 
610 1 |a конструкции 
675 |a 66.06  |v 3 
700 1 |a Ветцель  |b Б. 
801 1 |a RU  |b 63413507  |c 20061011  |g PSBO 
801 2 |a RU  |b 63413507  |c 20061202  |g PSBO 
942 |c BK